Movies Quiz

Random Movies or Role Quiz

Tom Hanks Movies By Role Quiz Stats

 Plays Quiz not verified by Sporcle

Challenge
Share
Tweet
Embed
Score 0/36 Timer 17:00
0 Plays Today
Role Movie % Correct
Forrest GumpForrest Gump
95.9%
Woody (voice)Toy Story 1, 2 & 3
95.4%
Santa Claus, Express Conductor, Hobo, Hero Boy, Father (voices)The Polar Express
86.2%
Charlie WilsonCharlie Wilson's War
83.4%
Adult Josh BaskinBig
82.3%
Professor Robert LangdonThe Da Vinci Code
81.4%
Professor Robert LangdonAngels & Demons
77.9%
Captain John H. MillerSaving Private Ryan
75.9%
FBI Agent Carl HanrattyCatch Me if You Can
75.9%
Jim LovellApollo 13
69.4%
Viktor NavorskiThe Terminal
68.5%
Detective Scott TurnerTurner and Hooch
67.6%
Chuck NolandCast Away
65.3%
Andrew BeckettPhiladelphia
64.6%
Jimmy DuganA League of Their Own
58.9%
Joe FoxYou've Got Mail
55.2%
Sam BaldwinSleepless in Seattle
52.6%
Joe BanksJoe Versus the Volcano
51.3%
Role Movie % Correct
Michael Sullivan, Sr.Road to Perdition
46%
Allen BauerSplash
42.1%
Paul EdgecombeThe Green Mile
40%
Rick GasskoBachelor Party
38.2%
Walter Fielding, Jr.The Money Pit
37.7%
Professor G.H. DorrThe Ladykillers
34.3%
Mr. WhiteThat Thing You Do!
32.2%
Pep StreebeckDragnet
29.7%
Ray PetersonThe Burbs
26.9%
Himself (voice)The Simpsons Movie
24.8%
Sherman McCoyThe Bonfire of the Vanities
21.4%
Richard Harlan DrewThe Man With One Red Shoe
20.9%
Lawrence Whatley Bourne IIIVolunteers
20.2%
Steven GoldPunchline
17.7%
David BasnerNothing in Common
15.6%
ElliotHe Knows You're Alone
13.6%
David BradleyEvery Time We Say Goodbye
9.4%
Mr. GableThe Great Buck Howard
9.4%

You're not logged in!

Compare scores with friends on all Sporcle quizzes.
Join for Free
OR
Log In

You Might Also Like...

Show Comments

Extras

Created Jul 19, 2010ReportNominate
Tags:Role Quiz, hank, tom, Tom Hanks

Top Quizzes Today


Score Distribution

Your Account Isn't Verified!

In order to create a playlist on Sporcle, you need to verify the email address you used during registration. Go to your Sporcle Settings to finish the process.

Report this User

Report this user for behavior that violates our Community Guidelines.

Details: